Exploratory data analysis
Saved in:
| Hovedforfatter: | |
|---|---|
| Format: | Bog |
| Sprog: | engelsk |
| Udgivet: |
Reading
Addison-Wesley
1977
|
| Udgivelse: | 1a. ed |
| Fag: | |
| Tags: |
Tilføj Tag
Ingen Tags, Vær først til at tagge denne postø!
|
MARC
| LEADER | 00000cam a2200000 a 4500 | ||
|---|---|---|---|
| 001 | UCW0644 | ||
| 003 | CL-VaPUC | ||
| 008 | 880601e19770000US |||||||||||||||||eng|d | ||
| 020 | |a 0201076160 | ||
| 082 | 0 | 4 | |a 519.5 |b TUK |2 21 |
| 100 | 0 | |a Tukey, John Wilder |e author |9 304536 | |
| 245 | 1 | 0 | |a Exploratory data analysis |
| 250 | |a 1a. ed | ||
| 300 | |a 499 p | ||
| 942 | |c BK | ||
| 945 | |d 19880601 00:00:00 | ||
| 260 | |a Reading |b Addison-Wesley |c 1977 | ||
| 650 | 0 | |a Análisis de datos |9 269871 | |
| 583 | |a last modification |c 20140819 02:34:49 |k Rodrigo Vera | ||
| 999 | |c 215719 |d 215717 | ||
| 952 | |0 0 |1 0 |4 0 |6 519_500000000000000_TUK_1977 |7 0 |8 A |9 200468 |a BIBGIM |b BIBGIM |d 2019-11-14 |i 2677415 |o 519.5 TUK 1977 |p 2677415 |r 2025-01-15 |w 2019-11-14 |y BK |k EST | ||
| 952 | |0 0 |1 0 |4 0 |6 519_500000000000000_TUK_1977 |7 0 |8 A |9 200469 |a BIBGIM |b BIBGIM |d 2019-11-14 |i 2677423 |o 519.5 TUK 1977 |p 2677423 |r 2025-01-15 |w 2019-11-14 |y BK |k EST | ||
| 952 | |0 0 |1 0 |3 erb |4 0 |6 519_500000000000000_TUK_1977 |7 0 |8 A |9 200470 |a BIBMAT |b BIBMAT |i 5110394 |l 1 |o 519.5 TUK 1977 |p 5110394 |r 2025-01-07 |s 2023-09-25 |w 2019-11-14 |y BK |z Catalogado en:20140905 |k MAT | ||